000 00745nam a2200241Ia 4500
003 OSt
005 20220926034035.0
006 a|||||r|||| 00| 0
007 ta
008 220923b |||||||| |||| 00| 0 eng d
037 _cGeneral Book
040 _aRTL
_cRTL
_beng
041 _2eng
_aeng
082 _aX:75.73.N78, M3
100 _aSchick Allen Ed.
_9150054
245 0 _aMaking economy policy in congress.
260 _aWashington
_bAmerican Enterprise Institute for Public Policy Research
_c1983
300 _axii,282p.
_ccm.
500 _aReprinted: Delhi, Hindustan Publishing corporation, 1986.
650 _aEconomics
942 _hX:75.73.N78, M3
_cGB
_2CC
999 _c658582
_d658582